000 00563nam a22001937a 4500
003 OSt
005 20200304101854.0
008 200304b xxu||||| |||| 00| 0 spa d
020 _a978-987-03-3857-4
040 _cBiblioteca Ernesto Sábato
092 _aD345.1
_bG232
100 _aGaribaldi, Gustavo E. L.
245 _aLecciones y estudios de Derecho Penal y del Procedimiento Penal
260 _aBuenos Aires
_bLa Ley
_c2020
300 _a195 p
440 _aFacultad de Derecho.
_p Derecho Penal
650 _aDERECHO PROCESAL PENAL
942 _2ddc
_cBDGR
999 _c34440
_d34440